|
|
|
|
| LEADER |
00000nam a2200000 4500 |
| 001 |
vtls012273134 |
| 003 |
SK-MaSNL |
| 005 |
20260301232121.0 |
| 008 |
250312t1777 xo a r 000 0 lat |
| 015 |
|
|
|a SNKHFA
|
| 040 |
|
|
|a SNKHF
|b slo
|c SNK
|e rda
|
| 041 |
0 |
|
|a lat
|
| 044 |
|
|
|a xo
|c SK
|
| 072 |
|
7 |
|a 655
|x Polygrafia. Vydavateľstvá a knižný obchod
|2 konspekt
|
| 072 |
|
7 |
|a 93/94
|x Dejiny (všeobecne)
|2 konspekt
|
| 080 |
|
|
|a 655.3.066.23
|2 2011
|
| 080 |
|
|
|a 783.6
|2 2011
|
| 080 |
|
|
|a 27-475.5
|2 2011
|
| 100 |
1 |
|
|a Berchtold, František,
|d 1730-1793
|4 aut
|9 166588
|
| 245 |
1 |
|
|a Francisco Primo Praesuli Neosoliensi E Comitibus Berchtoldt, Libero Baroni
|b Ab Ungerschitz Sacrae Caesareo-Regiae Apostolicae Majestatis Consiliario &c. &c. A Devotissimo Inferiore Districtu Zoliensi Honoris VOtivi Studio Exhibitum Quoad Una Aoniis E Deabus Edidit
|
| 264 |
|
3 |
|a Typis Tyrnaviensibus
|b [Tlačiar nie je známy]
|c Anno 1777
|
| 300 |
|
|
|a 14 nečíslovaných strán
|c 32 cm
|
| 336 |
|
|
|a text
|b txt
|2 rdacontent
|
| 337 |
|
|
|a bez média
|b n
|2 rdamedia
|
| 338 |
|
|
|a zväzok
|b nc
|2 rdacarier
|
| 500 |
|
|
|a Kustody, vinety, ozdobné linky, ozdobné iniciály
|
| 501 |
|
|
|a Príväzok 20. k: HYROŠ, Samuel. Oratio de Laudibus Excellentissimi, Illustrissimi, ac Reverendissimi Domini Ioannis Gvsztini Dei Et Apostolicae Sedis Gratia Episcopi Nittriensis Loci. [Trnava] : Typis Tirnaviensibus, 1777.
|5 SNK SB 4970
|
| 650 |
0 |
7 |
|a dejiny
|2 SNKPH
|9 3825
|
| 650 |
0 |
7 |
|a príležitostné tlače
|2 SNKPH
|9 88198
|
| 650 |
0 |
7 |
|a kázne
|2 SNKPH
|9 1954
|
| 710 |
2 |
|
|a Akademická tlačiareň (Trnava, Slovensko)
|4 prt
|9 232890
|
| 752 |
|
|
|a Slovensko
|d Trnava
|
| 852 |
|
|
|a Slovenská národná knižnica
|p SB 4970
|
| 958 |
|
|
|a ONDV
|
| 958 |
|
|
|a DD
|
| 999 |
|
|
|c 960488
|d 962418
|
| 952 |
|
|
|a SNK
|b SNK
|y PREZ
|7 0
|p 17A1567440
|o snkSB 4970/prív.20
|i snkKSF 1395/27
|8 5
|0 0
|1 0
|4 0
|d 2025-03-12
|l 0
|r 2026-02-24 10:17:22
|w 2026-02-24
|